Normal view
MARC view
- Adams, William J, Chapman, Gary A
Entry Personal Name
001 - CONTROL NUMBER
- control field: 66750
003 - CONTROL NUMBER IDENTIFIER
- control field: NUST
005 - DATE AND TIME OF LATEST TRANSACTION
- control field: 20210628203650.0
008 - FIXED-LENGTH DATA ELEMENTS
- fixed length control field: 210628|| aca||aabn | a|a d
040 ## - CATALOGING SOURCE
- Original cataloging agency: NUST
- Transcribing agency: NUST
100 ## - HEADING--PERSONAL NAME
- Personal name: Adams, William J, Chapman, Gary A
670 ## - SOURCE DATA FOUND
- Source citation: Work cat.: (NUST): Adams, William J, Chapman, Gary A, Aquatic toxicology and hazard assessmetn, 10volume, 1988
